Rihanna - needed me - Statistics

General Stats
  • This quiz has been taken 201 times
  • The average score is 213 of 286
Answer Stats
Answer % Correct
You
98%
you
98%
I
95%
a
94%
it
94%
Oooh
94%
oooh
94%
on
93%
the
93%
needed
92%
was
92%
me
91%
that
91%
don't
83%
baby
82%
But
81%
fuck
81%
Fuck
81%
for
80%
for?
80%
get
80%
good
80%
ho!
80%
way
80%
my
79%
twisted
78%
I'm
77%
just
77%
savage
77%
another
76%
own
76%
tell
75%
that's
75%
That's
75%
to
74%
To
74%
Shit
73%
shit
73%
horse
72%
list
72%
love
72%
never
72%
Never
72%
Didn't
71%
and
70%
bad
70%
carriage
70%
could
70%
imagine
70%
bitch
69%
hit
69%
have
68%
feel
66%
feel?
66%
they
66%
white
66%
your
66%
complaining
65%
give
65%
what
65%
with
65%
faded
63%
nigga
63%
some
63%
us
63%
beat
60%
fun
58%
kickin'
58%
low
57%
run
57%
Had
56%
Used
56%
Tryna
55%
trip
54%
Feeling
53%
fix
53%
less
52%
issues
50%
more
50%
jaded
49%
little
49%
up
49%
are
46%
Bet
46%
off
46%
serious?
46%
How
45%
Mustard
45%
told
45%
though
44%
inner
41%
confess
40%
Know
40%
ya
38%
real
37%
been
36%
huh?
35%
like
31%
rollin'
31%
rollin
31%
hate
30%
around
29%
down
28%
Break
22%
pound
9%
No matching quizzes found
Score Distribution
Percent of People with Each Score
Percentile by Number Answered
Your Score History
You have not taken this quiz